000 00677pam a2200241 a 4500
001 2034218
005 20180214093223.0
008 921113s1994 paua b 001 0 eng c
010 _a 92049079
020 _a0721667856
040 _aDNLM/DLC
_cDLC
_dDLC
041 _aeng
060 _aWB 400 D262a
080 _a615.854 DAV
082 0 0 _a615.854 DAV
_220
100 1 _a9
101 _aNUT
245 1 0 _aApplied nutrition and diet therapy for nurses /
_cJudi Ratliff Davis, Kim Sherer.
504 _aIncludes bibliographical references and index.
906 _a7
_bcbc
_corignew
_d1
_eocip
_f19
_gy-gencatlg
942 _2ddc
_cBK
999 _c42540
_d42540